Countries Frank Ocean has Visited - Statistics

General Stats
  • This quiz has been taken 98 times
  • The average score is 13 of 15
Answer Stats
Continent Country % Correct
Oceania Australia
97%
North America Canada
97%
North America United States of America
95%
Europe France
94%
Europe United Kingdom
92%
Europe Spain
91%
Europe Germany
89%
Asia/ Europe Russia
88%
Europe Belgium
77%
Europe Sweden
77%
Europe Netherlands
75%
Europe Denmark
73%
Europe Ireland
72%
Europe Norway
69%
Europe Finland
67%
No matching quizzes found
Score Distribution
Percent of People with Each Score
Percentile by Number Answered
Your Score History
You have not taken this quiz